000 01688cad a22002055a 4500
001 L142219
008 080130e20071219xxk f v 000 0 eng d
035 _a(Sirsi) u142219
041 0 _aeng
245 0 0 _aRavengate Estates Ltd v Horizon Housing Group Ltd and Persons Unknown
_h[electronic resource]
260 _c2007
520 _a[2007] EWCA Civ 1368, 19 December 2007. Damages for breach of a tenant's repairing covenant will be limited when the premises are ready for redevelopment. Company (R) owned several properties in need of repair and claimed dilapidations payment from its former tenant (H). R had served a schedule of dilapidations which R did not do. Initially, the court found for the tenant, making an award amounting to a sixth of the total schedule, as R intended to redevelop the property. R appealed, arguing that the redevelopment would not go ahead because of the high construction cost. Held: appeal dismissed; redevelopment costs were not prohibitive. The Court noted that R had not carried out repairs and had now started works. A purchaser would not have sought a reduction because any works would not be sensible in light of any redevelopment. The measure of damages was not the cost of repairs, but only those which might out last a redevelopment.
590 _aKA
650 2 4 _aRAVENGATE ESTATES LTD V HORIZON HOUSING GROUP LTD AND PERSONS UNKNOWN
650 2 4 _aLANDLORD AND TENANT ACT 1927
651 4 _aEngland and Wales
_y1543-
690 _aPROPERTY-LEASEHOLD PROPERTY-LANDLORD AND TENANT-DILAPIDATIONS
856 4 0 _uhttps://www.bailii.org/ew/cases/EWCA/Civ/2007/1368.html
_zView this transcript free of charge at: www.bailii.org...
942 _n0
999 _c79748
_d79748